| 000 | 00000nam##2200000za#4500 |
| 001 | 9.688148 |
| 003 | CaOODSP |
| 005 | 20210927150436 |
| 007 | cr ||||||||||| |
| 008 | 150407|2005||||xxc|||||o f|0| 0 eng|d |
| 020 | |a0-662-42741-6 |
| 040 | |aCaOODSP|beng |
| 043 | |an-cn--- |
| 086 | 1 |aR2-162/2001E-PDF |
| 110 | 1 |aCanada. |bIndian and Northern Affairs Canada. |
| 245 | 10|aAboriginal women : a profile from the 2001 Census / |h[electronic resource]|c[by] Jeremy Hull. |
| 260 | |aOttawa - Ontario : |bIndian and Northern Affairs |c2005; 2006. |
| 300 | |a115p.|bcoloured figs., graphs, references, tables |
| 590 | |a06-10-Supp|b2006-12-15 |
| 690 | 07|aIndigenous peoples|2gcpds |
| 690 | 07|aCensus data|2gcpds |
| 690 | 07|aDemographic data|2gcpds |
| 690 | 07|aWomen|2gcpds |
| 720 | 1 |aHull, Jeremy |
| 775 | 08|tLes femmes autochtones : profil d'après le Recensement de 2001 / |w(CaOODSP)9.632581 |
| 856 | 40|ahttp://publications.gc.ca|qPDF|s388 KB|uhttps://publications.gc.ca/collections/Collection/R2-162-2001E.pdf |